000 00364nam a2200145Ia 4500
008 100204s9999 xx 000 0 und d
082 _b21924
100 _aCHILD CRAFT
245 _aABOUT ANIMALS - VOL 3
260 _b"WWORLD BOOK INC, CHICAGO"
_c1980
300 _a153
630 _aABOUT ANIMALS - VOL 3
730 _aABOUT ANIMALS - VOL 3
942 _cBOOK
999 _c467036
_d467033